Overgate Centre Ltd v William Low Supermarkets Ltd (Record no. 25934)

MARC details
000 -LEADER
fixed length control field 01345cab a2200229 4500
001 - CONTROL NUMBER
control field E2664
008 - FIXED-LENGTH DATA ELEMENTS--GENERAL INFORMATION
fixed length control field 090401t1995 xxu||||| |||| 00| 0 eng d
035 ## - SYSTEM CONTROL NUMBER
System control number (Sirsi) u40467
041 ## - LANGUAGE CODE
Language code of text/sound track or separate title eng
245 ## - TITLE STATEMENT
Title Overgate Centre Ltd v William Low Supermarkets Ltd
260 ## - PUBLICATION, DISTRIBUTION, ETC.
Date of publication, distribution, etc. 1995
350 ## - PRICE (NR) (BK AM CF MU VM SE) [OBSOLETE]
Price 0
490 ## - SERIES STATEMENT
Series statement Scots Law Times
Volume/sequential designation 1995 SLT 1181-1189(9)
520 ## - SUMMARY, ETC.
Summary, etc. OUter House. Lord Cameron of Lochbroom. 26 October 1994. Landlord and tenant - lease - tenants in breach of contractual obligation to occupy and operate premises - whether order for specific implement ad interim to enforce contractual obligations competent - whether prima facie case - whether order sought inspecific - balance of convenience - Court of Session Act 1988 (c36), ss46 and 47(2). Process - interim orders - tenants in breach of contractual obligation to occupy and operate premises - landlords seeking specific implement ad interim to restore previous situation - whether competent - whether prima facie case - whether order sought inspecific - balance of convenience - Court of Session Act 1988, ss46 and 47(2).
650 ## - SUBJECT ADDED ENTRY--TOPICAL TERM
Topical term or geographic name entry element COMMERCIAL LEASES
650 ## - SUBJECT ADDED ENTRY--TOPICAL TERM
Topical term or geographic name entry element COURT OF SESSION ACT 1988
650 ## - SUBJECT ADDED ENTRY--TOPICAL TERM
Topical term or geographic name entry element LANDLORD AND TENANT
9 (RLIN) 6252
650 ## - SUBJECT ADDED ENTRY--TOPICAL TERM
Topical term or geographic name entry element OBLIGATION TO OCCUPY
690 ## - LOCAL SUBJECT ADDED ENTRY--TOPICAL TERM (OCLC, RLIN)
Topical term or geographic name as entry element LANDLORD AND TENANT-CASE LAW-BUSINESS TENANCIES
942 ## - ADDED ENTRY ELEMENTS (KOHA)
Suppress in OPAC 0
948 ## - LOCAL PROCESSING INFORMATION (OCLC); SERIES PART DESIGNATOR (RLIN)
c (OCLC) 04/03/1997
Holdings
Withdrawn status Lost status Source of classification or shelving scheme Damaged status Not for loan Home library Current library Shelving location Date acquired Total Checkouts Full call number Barcode Date last seen Copy number Price effective from Koha item type
    Dewey Decimal Classification     London London Journal article 14/09/1999   E2664 40467-1001 06/08/2019 1 06/08/2019 Law report